000 00695nam a2200289Ia 4500
005 20260324124118.0
008 008 260324s9999 xx 000 0 eng d
020 _a9780203347645
037 _aEBOOK
040 _aCRL
040 _beng
040 _cCRL
041 _2eng
041 _aeng
084 _qCRL
100 _aSteve Hughes; Nigel Haworth
_91172886
245 0 _aInternational Labour Organization (ILO)
245 0 _bComing in from the Cold
260 _bTaylor and Francis
260 _c2011
365 _a
365 _b230
856 _uhttp://www.taylorfrancis.com/books/9780203347645
942 _cEBOOK
999 _c1767011
_d1767011